000 00742nam a2200121Ia 4500
008 220620s9999||||xx |||||||||||||| ||und||
245 0 _aAdvancements in Catalytic Conversion of Biomass into Biofuels and Chemicals
546 _aEnglish[eng]
650 _abiomass||xylan||lignin||cellulose||pretreatment||solid superacid catalyst||sulfated tin(IV) oxide||α-pinene partial coupling||renewable high-density fuel||biofuel||biorefinery||sugar-decomposed||enzymatic hydrolysis||waste biomass||kinetics||biomass pre-treatment||green diesel||renewable diesel||Ni catalyst||hydrodeoxygenation||Cu-promotion effect||catalysts||solvents
700 _aKim, Tae Hyun||Yoo, Chang Geun
856 _uhttps://mdpi.com/books/pdfview/book/3188
942 _cEB
999 _c34399
_d34399